000 01088nam2a22002651 4500
001 RU\NLR\INFOCOMM10\1000269620
005 20250617141854.0
035 _a(NLR Aleph) 002657189
090 _a3923944
_c3923944
100 _a20040728d1965 |||y0rusy50 ca
101 0 _arus
102 _aRU
105 _ay |||||||||
200 1 _aПокрытие деталей молотковыми эмалями
_fК.Н. Творогов
210 _d1965
_aБ. м.
225 1 _aТема 3
_vВып.67
461 0 _1001RU\NLR\INFOCOMM10\1000264961
_12001#$aПередовой научно-технический и производственный опыт$fГос. Ком. Совета Министров РСФСР по координации науч.-исслед. работ. Гос. Науч.-исслед. ин-т науч. и техн. информации$v1965, №3-65-2235
700 1 _aТворогов
_bК.Н.
_4070
801 1 _aRU
_bInfoComm
_c20040728
801 0 _aRU
_bNLR
_gPSBO
852 _aNLR
_jП11/2295
942 _cISSUE
980 _aNB
980 _aRUSPER